000 04400cam a22012134i 4500
003 PE-LiUPU
005 20250813185407.0
008 170915s2016 pe a r 000 0 spa d
020 _a9786124221538
035 _a(Sirsi) a239558
040 _aPE-LiUPU
_bspa
_cPE-LiUPU
_erda
049 _aPRUA
082 0 4 _a362.839375
_bF12
_220
245 1 3 _aLa violencia contra las mujeres en las universidades peruanas :
_bprevalencia e impacto en la productividad académica en las facultades de ciencias empresariales e ingeniería /
_cFacultad de ciencias administrativas y recuersos humanos de la universidad de San Martin de porres.
250 _aprimera edición.
264 1 _aLima :
_bLakob,
_c2016.
300 _a97 páginas :
_bilustraciones ;
_c25 centímetros
336 _atext
_2rdacontent
337 _aunmediated
_2rdamedia
338 _avolume
_2rdacarrier
505 0 _aIntroducción -- Problemas -- Objetivo -- Estado del arte -- La VcM:Definición, manifestaciones y propiedades -- La VcM en las universidades: contexto -- Impacto de la VcM en la productividadacadémica -- Marco conceptual -- ¿Por qué debe importales a las universidades la VcM? -- ¿Cómo afecta la VcM en las universidades? -- Contexto etario -- Especificidad y "empoderamiento parental subsidiado" -- Escenarios de los ataques -- Gravedad modulada y daño físico -- La violencia económico -- Estudiantes que atestiguan -- Impacto académico de la VcM -- Método -- Diseño Muestra -- Instrumentos -- Fiabilidad y validez -- Procedimiento -- Recolección de datos -- Análisis de datos -- Resultados -- Prevalencia -- Prevalencia por zonas geográficas -- Prevalencia por condiciones demográficas -- Impacto de la violencia contra la mujer -- Impacto en la prevalencia del ausentismo y presentismo -- Impacto a mediano plazo en el rendimiento -- Impacto causal -- Dias perdidos por VcM:escenario contrafactual -- Discusión -- Validez del estudio -- Sobre la prevalencia -- Impacto en la productividad -- Conclusiones y recomendaciones -- Conclusiones -- Recomendaciones.
526 _aP202
526 _aP201
526 _aP163
526 _aP162
526 _aP161
526 _aP160
526 _aP148
526 _aP147
526 _aP146
526 _aP145
526 _aP144
526 _aP143
526 _aP142
526 _aP141
526 _aP140
526 _aP139
526 _aP138
526 _aP137
526 _aP136
526 _aP135
526 _aP134
526 _aP133
526 _aP129
526 _aP128
526 _aP127
526 _aP120
526 _aP119
526 _aP118
526 _aP116
526 _aP115
526 _aP114
526 _aP110
526 _aP109
526 _aP108
526 _aP104
526 _aP103
526 _aP102
526 _aP99
526 _aP98
526 _aP97
526 _aP96
526 _aP95
526 _aP93
526 _aP90
526 _aP89
526 _aP88
526 _aP83
526 _aP82
526 _aP62
526 _aP59
526 _aP58
526 _aP57
526 _aP51
526 _aP49
526 _aP48
526 _aP47
526 _aP29
526 _aP24
526 _aP20
526 _aP19
526 _aP17
526 _aP15
526 _aP14
526 _aP12
526 _aP10
526 _aP09
526 _aP08
526 _aP07
526 _aP06
526 _aP05
526 _aP04
526 _aP01
650 0 4 _aViolencia contra la mujer.
710 2 _aFacultad de ciencias administrativas y recursos humanos de la universidad de san martin de porres,
_eautor.
856 _ahttp://www.repositorioacademico.usmp.edu.pe/bitstream/usmp/2506/1/VCM%20Universidades_%202017.pdf
910 _ajck
_bjvq
_cksl
_d20170915
942 _2ddc
_cBOOK
949 _a362.839375 F12
_wDEWEY
_c1
_i76860
_lCATALOGIN
_mBUL
_p15.00
_r0
_sY
_tBOOK
_u2017-09-19
_xSALUD
_zPSICOLOGIA
_0COMPRA
_o.STAFF. Colección Ciencias de la Salud
994 _aC0
_bPEPRU
596 _a1
999 _a362.839375 F12
_wLC
_c25251
_i76860
_d25251
_e2017-11-16
_f2021-11-3
_g4
_lCCODEBUL1
_mBUL
_n1
_p15.00
_q2
_r0
_sY
_tBOOK
_u2017-9-14
_xSALUD
_PP33
_0DONACION
_o.STAFF. Colección Ciencias de la Salud
980 _81
_gALBERTO SANCHEZ Responsable de Automatización